Normal view
MARC view
- Cáceres Castro, Elías
Entry Nombre Personal
001 - NUMERO DE CONTROL
- campo de control: 50453
003 - IDENTIFICADOR DE NUMERO DE CONTROL
- campo de control: MX-MxUPN
005 - FECHA Y HORA DE LA ÜLTIMA TRANSACCIÓN
- campo de control: 20231026110136.0
008 - DATOS DE LONGITUD FIJA
- campo de control de longitud fija: 231026nn acnnnaabn n aaa d
040 ## - FUENTE DE CATALOGACIÓN
- Agencia original de catalogación: MX-MxUPN
- Lenguaje de catalogación: spa
100 1# - ENCABEZAMIENTO - NOMBRE PERSONAL
- Nombre personal: Cáceres Castro, Elías
400 1# - VEÁSE - NOMBRE DE PERSONA
- Personal name: Castro, Elías Cáceres
670 ## - FUENTE EN LA QUE SE LOCALIZARON DATOS
- Cita de la fuente: Salud mental y enfermedad mental en América Latina, 1982 :
- Información localizada: portada (Elías Cáceres Castro)
902 ## - CATALOGADOR
- Catalogador: VíctorGodínez/261023
